Fourier analysis : an introduction /
Guardado en:
| Autor Principal: | |
|---|---|
| Otros Autores: | |
| Formato: | Libro |
| Idioma: | English |
| Publicado: |
Princeton :
Princeton University Press,
c2003.
|
| Series: | Princeton lectures in analysis ;
1 |
| Materias: | |
| Acceso en línea: | Contributor biographical information Publisher description Table of contents |
| Etiquetas: |
Agregar Etiqueta
Sin Etiquetas, Sea el primero en etiquetar este registro!
|
| LEADER | 01450cam a2200277 a 4500 | ||
|---|---|---|---|
| 001 | MAT.inmabb006511 | ||
| 008 | 030311s2003####njua#####b####001#0#eng#d | ||
| 005 | 20130323170005.0 | ||
| 245 | 1 | 0 | |a Fourier analysis : |b an introduction / |c Elias M. Stein & Rami Shakarchi. |
| 260 | |a Princeton : |b Princeton University Press, |c c2003. | ||
| 300 | |a xvi, 311 p. : |b il. ; |c 24 cm. | ||
| 440 | 0 | |a Princeton lectures in analysis ; |v 1 | |
| 504 | |a Incluye referencias bibliográficas (p. [301]-303) e índice. | ||
| 500 | |a "The book is written in a lively and inviting style. [...] It does not assume acquaintance with either the Lebesgue integral or with functional analysis. So this book will be a delightful adventure for math majors as well as for mathematically oriented engineers, economists, physicists, and others who use analytical reasoning."--Steven Krantz, MathSciNet. | ||
| 510 | 4 | |a MR, |c 2004a:42001 | |
| 020 | |a 069111384X | ||
| 100 | 1 | |a Stein, Elias M., |d 1931- | |
| 700 | 1 | |a Shakarchi, Rami. | |
| 650 | 0 | |a Fourier analysis. | |
| 084 | |a 42-01 |2 msc2000 | ||
| 010 | |a 2003103688 | ||
| 040 | |a UKM |c UKM |d CtY |d DLC | ||
| 856 | 4 | 2 | |3 Contributor biographical information |u http://www.loc.gov/catdir/bios/prin051/2003103688.html |
| 856 | 4 | 2 | |3 Publisher description |u http://www.loc.gov/catdir/description/prin051/2003103688.html |
| 856 | 4 | 1 | |3 Table of contents |u http://www.loc.gov/catdir/toc/fy051/2003103688.html |
| 859 | |h 42 |i St819f |p A-8727 |b BIB. MATEMATICA | ||
